000 00302nam a22001337a 4500
008 180301b xxu||||| |||| 00| 0 eng d
020 _a9781405128025
041 _aeng
080 _a615
100 _a5
101 _aFAR
245 _aCaring for the peroperative patient
_cWicker,P
942 _2udc
_cBK
999 _c43789
_d43789